Misteri helikopter terhempas

Bibliographic Details
Main Author: Haris Fadillah Ahmad
Format: Book
Published: Petaling Jaya : Pustaka Murni , 1996
Series:Siri misteri permata biru
Subjects:

MARC

LEADER 00000cam a2200000 7i4500
001 0000008446
002 000009204
005 20000330.0
020 |a 9830780090 
090 0 0 |a JF   |b HAR 
100 0 |a Haris Fadillah Ahmad 
245 1 0 |a Misteri helikopter terhempas   |c Haris Fadillah Ahmad 
260 |a Petaling Jaya :   |b Pustaka Murni ,   |c 1996 
300 |a 92p. ;   |c 22cm. 
490 0 |a Siri misteri permata biru 
650 0 0 |a Children's stories, Malay 
999 |a 049521   |b BUKU   |c PINJAMAN   |e PERPUSTAKAAN KOMUNITI PETALING JAYA